Missing First Words of Movie Titles Quiz - Statistics

General Stats
  • This quiz has been taken 142 times
  • The average score is 21 of 30
Answer Stats
Movie Title % Correct
{Forrest} Gump
100%
{Home} Alone
98%
{La} La Land
98%
{Back} to the Future
97%
{Finding} Nemo
96%
{Mission}: Impossible
96%
{Dumb} and Dumber
93%
{John} Wick
93%
{Honey}, I Shrunk the Kids
92%
{Pulp} Fiction
90%
{Legally} Blonde
79%
{Raiders} of the Lost Ark
77%
{Fight} Club
76%
{Django} Unchained
74%
{Happy} Gilmore
74%
{Mean} Girls
74%
{Napoleon} Dynamite
69%
{Lethal} Weapon
64%
{Ocean's} Eleven
64%
{Walk} the Line
60%
{Minority} Report
54%
{Apocalypse} Now
51%
{Close} Encounters of the Third Kind
51%
{Anger} Management
50%
{Nacho} Libre
50%
{American} Graffiti
49%
{Hacksaw} Ridge
43%
{Big} Fish
34%
{Good} Burger
34%
{Moonrise} Kingdom
16%
No matching quizzes found
Score Distribution
Percent of People with Each Score
Percentile by Number Answered
Your Score History
You have not taken this quiz